Bizonyíték-transzfer az európai bűnügyi együttműködésben - különös tekintettel az európai nyomozási határozatra
A büntetőeljárás során felhasználható bizonyítékok Európai Unión belüli továbbítására, átadására vonatkozó bűnügyi együttműködési rendszer bemutatásával vezetem be a kutatásom tárgyát képező témát. Ez a rész a dolgozatom elméleti megalapozó fejezete, így a kutatásom kiindulópontja, az elméleti alapv...
Elmentve itt :
| Szerző: | |
|---|---|
| További közreműködők: | |
| Dokumentumtípus: | Disszertáció |
| Megjelent: |
2014-04-29
|
| Tárgyszavak: | |
| doi: | 10.14232/phd.2147 |
| mtmt: | 2559212 |
| Online Access: | http://doktori.ek.szte.hu/2147 |
| LEADER | 03499nta a2200229 i 4500 | ||
|---|---|---|---|
| 001 | dokt2147 | ||
| 005 | 20201125090252.0 | ||
| 008 | 140324s2014 hu om 0|| hun d | ||
| 024 | 7 | |a 10.14232/phd.2147 |2 doi | |
| 024 | 7 | |a 2559212 |2 mtmt | |
| 040 | |a SZTE Doktori Repozitórium |b hun | ||
| 041 | |a hun | ||
| 100 | 1 | |a Törő Andrea | |
| 245 | 1 | 0 | |a Bizonyíték-transzfer az európai bűnügyi együttműködésben - különös tekintettel az európai nyomozási határozatra |h [elektronikus dokumentum] / |c Törő Andrea |
| 246 | 1 | 0 | |a Evidence-transfer within the European criminal cooperation: with special regard to the European investigation order |h [elektronikus dokumentum] |
| 260 | |c 2014-04-29 | ||
| 502 | |a Disszertacio | ||
| 520 | 3 | |a A büntetőeljárás során felhasználható bizonyítékok Európai Unión belüli továbbítására, átadására vonatkozó bűnügyi együttműködési rendszer bemutatásával vezetem be a kutatásom tárgyát képező témát. Ez a rész a dolgozatom elméleti megalapozó fejezete, így a kutatásom kiindulópontja, az elméleti alapvetések és azon elvi problémák felvázolása, melyeket a dolgozatommal kívánok megoldani és feloldani, ugyancsak ebben a fejezetben kerülnek bemutatásra (lásd 3. 1. fejezet). Majd a legfrissebb tendenciák felvázolásával is körülhatárolom a megoldandó problémát és a további felmerülő kérdéseket, amelyek modern büntetőjogi válaszokat követelnek (lásd 3. 2. fejezet). Tekintettel arra, hogy a dolgozatom témája a bizonyítékokkal foglalkozik, egy fejezetet szenteltem a büntetőeljárásbeli bizonyítás alapvető kérdéseinek, elméleteinek és fogalmainak bemutatására. Mindezt a külföldi bizonyíték oldaláról is megvilágítottam (lásd 4. fejezet). A dolgozat első tematikus egységében (lásd 6. 1. és 6. 2. fejezetek) a probléma vizsgálatára és megoldására felállítottam egy szempontrendszert. Majd ezt követően sorra veszem a határokon átnyúló bizonyításfelvétel jogi eszközeit az európai régióra jellemző sajátosságokkal együtt (lásd 6. 3- 6. 14. fejezetek). Figyelemmel arra, hogy az ENYH a kölcsönös elismerés elvére épülne, valamint a Stockholmi Program is prioritásnak tartja a kölcsönös elismerés elvén alapuló bizonyításfelvételi rendszer továbbfejlesztését, a kölcsönös elismerés elvéről, annak a bűnügyi tudományokon belüli evolúciójáról, jelenlegi helyzetéről és a jövőbeli kilátásokról kritikai szempontok figyelembevételével külön szólok (lásd 5. 3. fejezet). Álláspontom szerint a magyar büntetőjogász számára is fontos a bűnügyi, büntetőjogi tárgyú európai, illetve uniós jogfejlődés és az ezekhez kapcsolódó mechanizmusok ismerete, mivel a hatályos uniós jog érvényesítésére, illetőleg az európai büntetőjogi integráció útját kikövező vívmányok átvételére nem csupán lehetőség adódik, hanem ez kötelezettség is. Ezért konkrét jogesetek, jogsegély-forgalom bemutatásával egy rövid körképet adok a bizonyíték-transzfer gyakorlatáról, illetve arról, hogy milyen kihívásokkal kell szembenézniük a jogalkalmazóknak. (lásd 7. fejezet). | |
| 650 | 4 | |a állam- és jogtudományok | |
| 700 | 1 | |a Karsai Krisztina |e ths | |
| 856 | 4 | 0 | |u https://doktori.bibl.u-szeged.hu/id/eprint/2147/1/Toro_Andrea_2014_phd.pdf |z Dokumentum-elérés |
| 856 | 4 | 0 | |u https://doktori.bibl.u-szeged.hu/id/eprint/2147/2/T%C3%A9zisek.pdf |z Dokumentum-elérés |